[Event "Komercni Banka op"]
[Site "Pardubice"]
[Date "1999.07.22"]
[Round "7"]
[White "Vatter, Hans Joachim"]
[Black "Anka, Emil"]
[Result "1-0"]
[WhiteElo "2361"]
[BlackElo "2487"]

1.d4 Nf6 2.Bg5 d5 3.Nd2 c5 4.c3 cxd4 5.Bxf6 exf6 6.cxd4 Qb6 7.e3 Qxb2 8.Bd3 Nc6
9.Ngf3 Qa3 10.Bb5 Bd7 11.O-O Be7 12.Qb1 g6 13.Nb3 a6 14.Bxc6 bxc6 15.Qc2 O-O
16.Rfc1 Rfb8 17.Ne1 Rb6 18.Qd2 Rab8 19.Nc2 Qd6 20.Nc5 Bc8 21.Qc3 Bd8 22.Ne1 Rb4
23.Qa3 R4b5 24.Ned3 Bc7 25.g3 h5 26.Qc3 Ba5 27.Qc2 Kg7 28.Qd1 Bg4 29.Qc2 Bc8
30.Qd1 Bb4 31.Qe2 Bxc5 32.Nxc5 Bg4 33.Qf1 a5 34.a4 R5b6 35.Rab1 Bf5 36.Rxb6 Rxb6
37.Qe1 Rb4 38.Qe2 Bc8 39.Kg2 Qd8 40.h3 Qb6 41.Qf3 Rc4 42.Rh1 Bf5 43.g4 Qxc5
44.gxf5 Qe7 45.Ra1 Qe4 46.Qxe4 dxe4 47.Kg3 g5 48.h4 Kf8 49.Rh1 Rxa4 50.hxg5 fxg5
51.Rxh5 Ra1 52.f6 Ke8 53.Kg4 Rf1 54.Kf5 Rxf2+ 55.Ke5 g4 56.Rg5 Kd7 57.Rxg4 Rh2
58.Kxe4 Ke6 59.Rg5 a4 60.Rc5 Kxf6 61.Rxc6+ Ke7 62.Ra6 Ra2 63.Ke5 a3 64.e4 Ra1
65.Ra7+ Kf8 66.d5 a2 67.Kd6 Re1 68.Ra8+ Kg7 69.Rxa2 Rxe4 70.Kd7 f5 71.d6 Kf6
72.Rd2 Rc4 73.Kd8 f4 74.d7 Ra4 75.Kc7 Ra8 76.Ra2 Rf8 77.Ra5 Ke7 78.Ra4  1-0

[Event "Paris-ch"]
[Site "Paris"]
[Date "1999.07.22"]
[Round "6"]
[White "Berges, Daniel"]
[Black "Carrasco, Patrick"]
[Result "0-1"]
[WhiteElo "2152"]
[BlackElo "2116"]

1.d4 Nf6 2.Bg5 g6 3.Bxf6 exf6 4.e3 Bg7 5.Bd3 f5 6.Nc3 d5 7.Qf3 c6 8.Nge2 Nd7
9.h4 Nf6 10.Nf4 h5 11.O-O-O O-O 12.Kb1 a5 13.Nce2 b5 14.Ng3 b4 15.Rh3 a4
16.Ngxh5 Nxh5 17.Nxh5 gxh5 18.Qxh5 Qf6 19.Rg3 Re8 20.Rg5 b3 21.cxb3 axb3
22.axb3 Rb8 23.Bc2 Be6 24.Qf3 Kf8 25.Qg3 Red8 26.Qf3 c5 27.Rd2 cxd4 28.Rxd4 Rb4
29.Qf4 Rxd4 30.Qxd4 Qxg5 31.hxg5 Bxd4 32.exd4 Rb8 33.Bd3 Rb4 34.Kc2 Rxd4
35.Kc3 Rg4 36.g3 f4 37.Be2 fxg3  0-1

[Event "Dutch Open"]
[Site "Dieren"]
[Date "1999.07.23"]
[Round "4"]
[White "Algera, Simon"]
[Black "Dekker, Theo"]
[Result "1-0"]
[WhiteElo "2085"]
[BlackElo "2201"]

1.d4 Nf6 2.Bg5 d5 3.Bxf6 exf6 4.e3 Be6 5.Bd3 c6 6.Ne2 Bd6 7.Nd2 Nd7 8.O-O f5
9.c4 dxc4 10.Bxc4 Bxc4 11.Nxc4 Nb6 12.Rc1 Nxc4 13.Rxc4 O-O 14.Qd3 g6 15.Rd1 Qe7
16.a3 Rfe8 17.g3 Rac8 18.Rdc1 Red8 19.Qc3 Qe4 20.Qa5 Qd3 21.R4c2 Bb8 22.Qc5 Re8
23.Qb4 b6 24.Qc4 Qe4 25.b4 Kg7 26.Qa6 h5 27.Nc3 Qe7 28.Qf1 h4 29.Qg2 hxg3
30.hxg3 a5 31.bxa5 bxa5 32.Nb1 Bd6 33.a4 c5 34.Nd2 Rc7 35.Qd5 cxd4 36.Rxc7 Bxc7
37.Qxd4+ Be5 38.Qc5 Qxc5 39.Rxc5 Kf6 40.Rxa5 Bc3 41.Ra6+ Kg5 42.Nf3+ Kg4
43.Kg2 Kh5 44.Ra7 Kh6 45.Rxf7 Ra8 46.Rc7 Ba5 47.Rc1 Bd8 48.Rh1+ Kg7 49.Ra1 Bf6
50.Ra2 Bc3 51.Kf1 Kf6 52.Ke2 Ke6 53.Kd3 Bf6 54.a5 Kd5 55.a6 Ra7 56.Nh4 Bxh4
57.gxh4 Kc5 58.Ke2 Kd5 59.Kf3 Ke5 60.Ra5+ Ke6 61.Kf4 Kf6 62.f3 Kf7 63.Kg5 Kg7
64.e4 fxe4 65.fxe4 Kf7 66.e5  1-0

[Event "Dutch Open"]
[Site "Dieren"]
[Date "1999.07.25"]
[Round "6"]
[White "Wilgenhof, Otto"]
[Black "Hoeksema, Hendrik Pieter"]
[Result "0-1"]
[WhiteElo "2235"]
[BlackElo "2404"]

1.d4 Nf6 2.Bg5 c5 3.d5 Qb6 4.Bxf6 exf6 5.Qc1 f5 6.Nc3 d6 7.Nf3 Be7 8.Nd2 O-O
9.Nc4 Qd8 10.e3 Na6 11.Be2 Nc7 12.a4 b6 13.O-O Bf6 14.Qd2 Bb7 15.Nb5 Ne8
16.Bf3 a6 17.Nc3 Rb8 18.Rfe1 Ba8 19.Ra2 Nc7 20.Rd1 Re8 21.Qd3 g6 22.Ne2 Bg7
23.c3 Re7 24.b4 Ne8 25.bxc5 dxc5 26.g3 Rd7 27.a5 b5 28.Nb6 Rxb6 29.axb6 Qxb6
30.e4 fxe4 31.Qxe4 Nd6 32.Qe3 Kf8 33.Nf4 Re7 34.Qc1 Bb7 35.Re1 Rxe1+ 36.Qxe1 b4
37.cxb4 cxb4 38.Nd3 b3 39.Re2 b2 40.Qb1 Nc4 41.Nxb2 Nxb2 42.Bg2 Bf6 43.Qe4 Kg7
44.h4 Nd1 45.Qe8 h5 46.Kh2 Nxf2 47.Qb8 Ng4+ 48.Kh3 Qg1  0-1

[Event "Korinthos op 3rd"]
[Site "Korinthos"]
[Date "1999.07.27"]
[Round "4"]
[White "Miladinovic, Igor"]
[Black "Souleidis, Georgios"]
[Result "1-0"]
[WhiteElo "2526"]
[BlackElo "2410"]

1.d4 Nf6 2.Bg5 d5 3.Bxf6 gxf6 4.Nc3 e5 5.e3 Be6 6.Qh5 Nd7 7.O-O-O c6 8.Nge2 Qa5
9.f4 exf4 10.Nxf4 O-O-O 11.Kb1 Bb4 12.Nce2 f5 13.Qh6 Rde8 14.Nc1 Bf8 15.Qh4 Be7
16.Qh3 Nf6 17.Bd3 Ng4 18.Qf3 Qc7 19.h3 Nf6 20.Nce2 Rhg8 21.c4 Kb8 22.cxd5 cxd5
23.Nc3 Rd8 24.Nb5 Qb6 25.Nxe6 fxe6 26.g4 Ne4 27.gxf5 exf5 28.Qxf5 a6 29.Qe5+ Bd6
30.Nxd6 Nxd6 31.Qxd5 Rge8 32.Qc5  1-0

[Event "BCF-ch 86th"]
[Site "Scarborough"]
[Date "1999.08.01"]
[Round "1"]
[White "Clarke, Thomas"]
[Black "Ledger, Andrew"]
[Result "0-1"]
[WhiteElo "2204"]
[BlackElo "2431"]

1.d4 Nf6 2.Bg5 d5 3.Bxf6 gxf6 4.e3 Bf5 5.Bd3 Bg6 6.Nf3 e6 7.c4 c6 8.O-O Nd7
9.Nc3 Bg7 10.Re1 O-O 11.b4 Qe7 12.Bxg6 hxg6 13.Qb3 f5 14.Rab1 Rac8 15.a4 g5
16.Nd2 Bf6 17.Rec1 Kg7 18.cxd5 cxd5 19.a5 Rh8 20.g3 Qd6 21.Nb5 Qb8 22.Rxc8 Rxc8
23.f4 a6 24.Na3 Qc7 25.Nf3 g4 26.Ne1 Qc3 27.Qxc3 Rxc3 28.Nac2 Bd8 29.Kf2 Nf6
30.Ke2 Ne4 31.Ra1 Be7 32.Kd1 Rb3  0-1

[Event "Budapest  Agro GM"]
[Site "Budapest"]
[Date "1999.08.03"]
[Round "5"]
[White "Tolnai, Tibor"]
[Black "Bellini, Fabio"]
[Result "1/2-1/2"]
[WhiteElo "2514"]
[BlackElo "2418"]

1.d4 Nf6 2.Bg5 g6 3.c4 Bg7 4.Nc3 O-O 5.e4 d6 6.h3 c5 7.d5 a6 8.Nf3 b5 9.Bd3 h6
10.Be3 e6 11.O-O exd5 12.cxd5 Re8 13.a3 Nbd7 14.Qd2 b4 15.axb4 cxb4 16.Na4 Nxe4
17.Bxe4 Rxe4 18.Bxh6 Bb7 19.Bxg7 Kxg7 20.Ng5 Re5 21.Qxb4 Bxd5 22.f4 Re2 23.Qd4+ Nf6
24.Rf2 Rxf2 25.Kxf2 Rb8 26.b4 a5 27.Rb1 axb4 28.Rxb4 Rxb4 29.Qxb4 Qa8 30.Nc3 Qa7+
31.Ke2 Qg1 32.g4 Qg2+ 33.Kd1 Qf1+ 34.Kc2 Qf2+ 35.Kc1 Bb3 36.Ne2 Bd5 37.Kd2 Qc5
38.Qxc5 dxc5 39.Ke3 Bg2  1/2-1/2

[Event "BCF-ch 86th"]
[Site "Scarborough"]
[Date "1999.08.03"]
[Round "3"]
[White "Clarke, Thomas"]
[Black "Harris, Costas"]
[Result "1-0"]
[WhiteElo "2204"]
[BlackElo "2065"]

1.d4 Nf6 2.Bg5 c5 3.Bxf6 gxf6 4.d5 d6 5.e3 Qb6 6.Qc1 Bf5 7.Nd2 Nd7 8.a4 Qa5
9.c3 Ne5 10.e4 Bd7 11.f4 Ng6 12.Nc4 Qc7 13.Bd3 Bh6 14.Ne2 Ne5 15.Nxe5 fxe5
16.O-O O-O-O 17.Bc4 Bg4 18.Qe1 Bxe2 19.Qxe2 Bxf4 20.g3 Rdg8 21.Kh1 Bg5 22.Rxf7 h5
23.Raf1 Kb8 24.h4 Bh6 25.Kh2 Rg4 26.R7f5 Qc8 27.Rxh5 Qg8 28.Qf3 a6 29.Be2 Rg6
30.Rg1 Qg7 31.Kh3 Rg8 32.g4 Bf4 33.Rf5 Rh8 34.h5 Rg5 35.Rxg5 Qxg5 36.Rb1 Rh6
37.b4 Rf6 38.Rf1 cxb4 39.cxb4 Bd2 40.Qb3 Rxf1 41.Bxf1 Qf4 42.Bg2 Be3 43.Qd1 Qh6
44.Qf3 Bf4 45.b5 axb5 46.axb5 b6 47.Qf2 Be3 48.Qf7 Bg1 49.Qe8+ Kb7 50.Qxe7+ Kb8
51.Qe8+ Kb7 52.Qf7+ Kb8 53.Qe8+ Kb7 54.Qf7+ Kb8 55.Bf3 Qe3 56.g5 Qxg5 57.Qg6 Qf4
58.Qxd6+ Kb7 59.Qd7+ Kb8 60.Qf5 Qh2+ 61.Kg4 Bf2 62.Kg5 Be3+ 63.Kg6 Qb2 64.Bg4 Qc3
65.h6  1-0

[Event "MK Cafe Cup-B"]
[Site "Koszalin"]
[Date "1999.08.07"]
[Round "5"]
[White "Wojtaszek, Radoslaw"]
[Black "Blimke, Dalia"]
[Result "1/2-1/2"]
[WhiteElo "2117"]
[BlackElo "2269"]

1.d4 Nf6 2.Bg5 g6 3.Bxf6 exf6 4.e3 d5 5.g3 Bg7 6.Bg2 c6 7.Ne2 Nd7 8.O-O O-O
9.Nd2 f5 10.c4 Nf6 11.cxd5 Nxd5 12.Nc3 Nb6 13.Nb3 Qe7 14.Qc2 Be6 15.Nc5 Bc4
16.Rfd1 Rad8 17.b3 Bd5 18.Nxd5 Nxd5 19.Qc4 g5 20.Rd3 f4 21.Re1 Rfe8 22.Ne4 h6
23.Qc1 Kh8 24.exf4 f5 25.fxg5 hxg5 26.Rdd1 fxe4 27.Rxe4 Qf6 28.Rde1 Rxe4
29.Rxe4 Rf8 30.Qd2 Qf5 31.h4 Nf6 32.Re5 Qb1+ 33.Re1 Qg6 34.hxg5 Ng4 35.f3 c5
36.dxc5 Ne5 37.Re3 Qb1+ 38.Re1 Qf5 39.Re3 Nc6 40.Re4 Qxc5+ 41.Kh2 Nd4 42.Rh4+ Kg8
43.Qd3 Nf5 44.Rh3 Bd4 45.f4 Qc1 46.Rh5 Qc3 47.Qxc3 Bxc3 48.g6 Kg7 49.Rh7+ Kxg6
50.Rxb7 Rh8+ 51.Bh3 Bd4 52.g4 Ne3 53.Kg3 Re8 54.Rd7 Bc5 55.Rc7 Bb6 56.Rc6+ Kg7
57.g5 Nd5 58.Rd6 Re3+ 59.Kg4 Nxf4 60.Rd7+ Kg6 61.Kxf4 Rxh3 62.Rd6+ Kg7 63.Ke4 Rg3
64.g6 Rg2 65.a4 Rb2 66.a5 Bf2 67.Rd7+ Kxg6 68.Rb7 Kf6 69.Kd5 Rc2 70.b4 Bg1
71.Kd6 Be3 72.Kd5 Bd2 73.Rxa7 Bxb4 74.a6 Ra2 75.Ra8 Ra5+ 76.Kc6 Bc5 77.a7  1/2-1/2

[Event "CRA-ch"]
[Site "Antiguo"]
[Date "1999.08.09"]
[Round "8"]
[White "Hernandez Basante, Francisco"]
[Black "Valdes, Leonardo"]
[Result "1/2-1/2"]
[WhiteElo "2298"]
[BlackElo "2263"]

1.d4 Nf6 2.Bg5 g6 3.Bxf6 exf6 4.g3 c5 5.Nc3 Nc6 6.dxc5 Bxc5 7.e3 O-O 8.Bg2 Re8
9.Nge2 Bf8 10.O-O d6 11.Nf4 Ne5 12.h3 Bg7 13.b3 Bf8 14.Ncd5 Be6 15.c4 Rb8
16.Rc1 Bxd5 17.Nxd5 Nc6 18.Qf3 f5 19.Rfd1 Bg7  1/2-1/2

[Event "BCF-ch 86th"]
[Site "Scarborough"]
[Date "1999.08.09"]
[Round "8"]
[White "Pert, Richard G"]
[Black "Kunte, Abhijit"]
[Result "0-1"]
[WhiteElo "2308"]
[BlackElo "2465"]

1.d4 Nf6 2.Bg5 g6 3.Bxf6 exf6 4.c4 Bg7 5.Nc3 f5 6.e3 d6 7.Nge2 O-O 8.g3 Bd7
9.Bg2 Bc6 10.Nd5 Nd7 11.O-O Nf6 12.Nec3 Ne8 13.Rc1 Bd7 14.b4 c6 15.Nf4 Nf6
16.b5 Re8 17.Rb1 Qa5 18.Qc2 Rac8 19.Rfc1 Rc7 20.Rb3 g5 21.Nfe2 Be6 22.Qb2 Bxc4
23.b6 Rd7 24.Rb4 d5 25.Bf1 Bf8 26.Ra4 Qxb6 27.Qc2 Ne4 28.Rb1 Qd8 29.Rxa7 Qb8
30.Ra4 b5 31.Bh3 Rb7 32.Rxc4 bxc4 33.Rxb7 Qxb7 34.Bxf5 Nf6 35.e4 dxe4 36.Nxe4 Nxe4
37.Bxe4 h6 38.Bf3 Qb4 39.Kg2 c5 40.d5 Bg7 41.d6 Rd8 42.Bd5 Rxd6 43.Bxc4 Qb7+
44.Kg1 Qf3 45.Bb3 Be5 46.Nc1 Kg7 47.a4 Bc3 48.Na2 Be1 49.Kf1 Qh1+ 50.Ke2 Rd2+
51.Qxd2 Bxd2 52.Kxd2 Qb1 53.Kc3 Qe4 54.Bc4 Qd4+ 55.Kb3 Qd1+ 56.Ka3 Qc2  0-1

[Event "MK Cafe Cup-B"]
[Site "Koszalin"]
[Date "1999.08.10"]
[Round "7"]
[White "Agababean, Naira"]
[Black "Horodyski, Roman"]
[Result "1-0"]
[WhiteElo "2329"]
[BlackElo "2185"]

1.d4 Nf6 2.Bg5 d5 3.Bxf6 exf6 4.e3 Bf5 5.c3 c6 6.Qb3 Qb6 7.Nd2 Nd7 8.f3 Be6
9.Bd3 Qxb3 10.axb3 Bd6 11.Ne2 O-O 12.Kf2 a6 13.f4 g6 14.h3 Rfe8 15.g4 Nf8
16.f5 Bd7 17.h4 Re7 18.Rh3 Rae8 19.b4 Ra8 20.Nb3 Rae8 21.Rf3 Bc8 22.Rg1 Rc7
23.Ng3 Rce7 24.Nf1 Rc7 25.Ke2 Be7 26.Kd2 Bd8 27.Nc1 Be7 28.Ne2 b6 29.Nfg3 c5
30.bxc5 bxc5 31.Ra1 c4 32.Bc2 Rb7 33.Rxa6 Rxb2 34.Ra7 Bb7 35.Rf1 Ra8 36.Rxa8 Bxa8
37.Ra1 Bb7 38.Ra7 Bd6 39.Kc1 Rb6 40.e4 Bb8 41.Ra5 dxe4 42.Bxe4 Ba6 43.Bd5 Nd7
44.Ne4 Kg7 45.Ra4 h5 46.gxh5 gxh5 47.Nc5 Bc8 48.Ra8 Nf8 49.Na4 Rb3 50.Bxc4 Rb7
51.Bd5 Rb5 52.Bc4 Rb7 53.Bd3 Bd7 54.Nc5 Rb6 55.Kc2 Bc6 56.Ra1 Bh2 57.c4 Nd7
58.Nxd7 Bxd7 59.c5 Rb4 60.Kc3 Rb8 61.Ra7 Be8 62.d5 Be5+ 63.Nd4 Rc8 64.Kc4 Bg3
65.Nf3 Bf2 66.Ra5 Bg3 67.Be4 Bd7 68.c6 Be8 69.Ra2 Bd6 70.Nd4  1-0

[Event "MK Cafe Cup-B"]
[Site "Koszalin"]
[Date "1999.08.10"]
[Round "7"]
[White "Babar, Michael"]
[Black "Ferenc, Jozef"]
[Result "1-0"]
[WhiteElo "2166"]
[BlackElo "2272"]

1.d4 Nf6 2.Bg5 g6 3.Bxf6 exf6 4.e3 d5 5.Bd3 Bg7 6.Ne2 O-O 7.Nf4 Re8 8.O-O c6
9.Nd2 Nd7 10.c3 Nf8 11.a4 Ne6 12.Qc2 Nxf4 13.exf4 Qd6 14.Rae1 Bd7 15.f5 g5
16.Re3 Re7 17.Rfe1 Rae8 18.Nf1 Bf8 19.Qd1 c5 20.Bc2 b6 21.Rxe7 Rxe7 22.Rxe7 Bxe7
23.Ne3 Bc6 24.Bb3 c4 25.Bc2 a6 26.b3 b5 27.b4 Bd8 28.a5 Bc7 29.g3 Qf8 30.Qh5 Qe7
31.Kg2 Bd8 32.Kf1 Bc7 33.Qh6 Bd8 34.Ng4 Bd7 35.h4 gxh4 36.Qxh4 Kg7 37.Qh1 Qd6
38.Ne3 Bc6 39.Bd1 Bxa5 40.bxa5 Qa3 41.Ng4 Qxc3 42.Qh6+ Kg8 43.Nxf6+ Kh8 44.Qf8+  1-0

[Event "CRA-ch"]
[Site "Antiguo"]
[Date "1999.08.12"]
[Round "10"]
[White "Hernandez Basante, Francisco"]
[Black "Ugalde, Ronald"]
[Result "1-0"]
[WhiteElo "2298"]
[BlackElo "2183"]

1.d4 d5 2.Bg5 Nf6 3.Nf3 Bf5 4.e3 c6 5.Be2 e6 6.O-O Be7 7.c4 Nbd7 8.Nc3 Ne4
9.Bf4 O-O 10.h3 h6 11.Nxe4 Bxe4 12.c5 f6 13.b4 a5 14.b5 e5 15.Bh2 Bxf3 16.Bxf3 exd4
17.exd4 f5 18.Qa4 Qc8 19.Rfe1 Bg5 20.Bd6 Rd8 21.g3 Nf8 22.bxc6 bxc6 23.Rab1 Re8
24.Rxe8 Qxe8 25.h4 Bf6 26.Rb6 Rc8 27.Rxc6 Qe1+ 28.Kg2 Re8 29.Bxd5+ Kh8 30.Bf3 Ne6
31.Qd1 Qc3 32.Be5 Bxe5 33.dxe5 Qxe5 34.Qd5 Qf6 35.Rd6 f4 36.g4 Qe7 37.c6 Nc7
38.Qd4 Nb5 39.Rxh6+  1-0

[Event "Baunatal op 5th"]
[Site "Baunatal"]
[Date "1999.08.12"]
[Round "1"]
[White "Jodkowski, Alexander"]
[Black "Stein, Marco"]
[Result "0-1"]
[WhiteElo "1532"]
[BlackElo "2070"]

1.d4 Nf6 2.Bg5 g6 3.Bxf6 exf6 4.Nf3 Bg7 5.e3 O-O 6.Bd3 d5 7.O-O f5 8.Nbd2 Nd7
9.c4 Nf6 10.Qc2 c6 11.Rac1 Bh6 12.Rfe1 Be6 13.Ne5 f4 14.b3 fxe3 15.fxe3 Ng4
16.Nxg4 Bxg4 17.Nf3 Re8 18.Ne5 Rxe5 19.dxe5 d4 20.Qf2 Bxe3 21.Rxe3 dxe3 22.Qxe3 Qa5
23.Qf4 Be6 24.Rc2 Rd8 25.Qe3 Qb4 26.Kf2 a5 27.Be4 a4 28.h3 Qa5 29.Bd3 axb3
30.axb3 Qb4 31.Be4 Qe7 32.Rc3 Qh4+ 33.Ke2 Qh5+ 34.Bf3 Qf5 35.Bg4 Qb1 36.Bxe6 Qd1+
37.Kf2 fxe6 38.Rc1 Rd2+ 39.Kg3 Qxc1  0-1

[Event "Baunatal op 5th"]
[Site "Baunatal"]
[Date "1999.08.12"]
[Round "1"]
[White "Kruse, Joerg"]
[Black "Pichl, Uwe"]
[Result "1-0"]
[WhiteElo "2180"]
[BlackElo "1715"]

1.d4 Nf6 2.Bg5 d5 3.e3 Ne4 4.Bh4 c6 5.f3 Nd6 6.Nd2 g6 7.Bd3 Nf5 8.Bf2 Bg7
9.c3 O-O 10.e4 Nh6 11.Ne2 e5 12.dxe5 dxe4 13.Nxe4 Bxe5 14.Qd2 Nf5 15.h4 Nd6
16.Nxd6 Qxd6 17.h5 Rd8 18.O-O-O Qf8 19.Qg5 Re8 20.hxg6 hxg6 21.f4 Bh8 22.Rxh8+ Kxh8
23.Qf6+ Kg8 24.Rh1 Qg7 25.Bd4  1-0

[Event "MK Cafe Cup-B"]
[Site "Koszalin"]
[Date "1999.08.12"]
[Round "9"]
[White "Ilczuk, Piotr"]
[Black "Zawadzki, Stanislaw"]
[Result "1-0"]
[WhiteElo "2323"]
[BlackElo "2192"]

1.d4 Nf6 2.Bg5 g6 3.Nc3 Bg7 4.e4 d6 5.Qd2 h6 6.Bf4 Nfd7 7.Nf3 e5 8.Be3 Nc6
9.O-O-O a6 10.dxe5 Ndxe5 11.Nxe5 dxe5 12.Qxd8+ Nxd8 13.Nd5 Ne6 14.g3 b5 15.Bh3 O-O
16.Ne7+ Kh8 17.Nxc8 Raxc8 18.Bxe6 fxe6 19.Rd7 Kg8 20.Rhd1 Rfe8 21.Bc5 Bf6
22.Kd2 h5 23.Kc3 Red8 24.Rxd8+ Rxd8 25.Rxd8+ Bxd8 26.Kb4 Kf7 27.Ka5 Ke8 28.Kxa6 c6
29.Kb7 Kd7 30.b3  1-0

[Event "Baunatal op 5th"]
[Site "Baunatal"]
[Date "1999.08.13"]
[Round "3"]
[White "Kruse, Joerg"]
[Black "Stein, Marco"]
[Result "1/2-1/2"]
[WhiteElo "2180"]
[BlackElo "2070"]

1.d4 Nf6 2.Bg5 d5 3.Nd2 Bf5 4.Bxf6 gxf6 5.g3 h5 6.Ngf3 Nc6 7.c3 e5 8.Nh4 Be6
9.e3 Qd7 10.Be2 Bg4 11.f3 Bh3 12.b4 Bh6 13.f4 O-O-O 14.Kf2 Rdg8 15.Bf3 Qd6
16.Ng2 h4 17.fxe5 fxe5 18.Nxh4 Qf6 19.b5 exd4 20.cxd4 Nxd4 21.Qa4 Nxf3 22.Nhxf3 Re8
23.Rae1 Kb8 24.Qd4 Qf5 25.Re2 Rhg8 26.Rhe1 Rg4 27.e4 dxe4 28.Rxe4 Rgxe4 29.Rxe4 Rxe4
30.Qh8+ Qc8 31.Qxc8+ Kxc8 32.Nxe4 Be6 33.a4 Bb3 34.a5 Bc4 35.b6 axb6 36.axb6 cxb6
37.Nd6+ Kc7 38.Nxc4 b5 39.Nce5 f6 40.Nd3 Kb6 41.Nd4 Ka5 42.Ke2 b4 43.Kd1 Be3
44.Nb3+ Kb5 45.Kc2 Bg1 46.h4 Bh2 47.g4 Bd6 48.h5 Bf8 49.Nf2 Kc4 50.Nh1 Kd5
51.Nf2 Ke5 52.Nh3 Ke4 53.g5  1/2-1/2

[Event "Baunatal op 5th"]
[Site "Baunatal"]
[Date "1999.08.14"]
[Round "6"]
[White "Griezene, Edvins"]
[Black "Francis, Patrick"]
[Result "1-0"]
[WhiteElo "2176"]
[BlackElo "2105"]

1.d4 d5 2.Bg5 Nf6 3.Bxf6 exf6 4.e3 Bd6 5.c4 dxc4 6.Bxc4 O-O 7.Nc3 f5 8.Qf3 c6
9.Nge2 Qc7 10.h3 Be6 11.Bd3 g6 12.g4 fxg4 13.hxg4 f6 14.Ne4 Bb4+ 15.Kf1 f5
16.gxf5 Bxf5 17.Bc4+ Kh8 18.Nf4 Qe7 19.Ng3 Qg5 20.Nxf5 Qxf5 21.Qg2 g5 22.Bd3 gxf4
23.Bxf5 Rxf5 24.Qg6  1-0

[Event "ESP-ch"]
[Site "Palencia"]
[Date "1999.08.19"]
[Round "1"]
[White "Romero Holmes, Alfonso"]
[Black "Durban Piera, Joan"]
[Result "1-0"]
[WhiteElo "2489"]
[BlackElo "2195"]

1.d4 Nf6 2.Bg5 c5 3.Bxf6 gxf6 4.d5 Qb6 5.Qc1 f5 6.c4 Bh6 7.e3 e5 8.Nc3 d6
9.Bd3 e4 10.Be2 O-O 11.Nh3 Qd8 12.Nf4 Nd7 13.Qc2 Ne5 14.h3 Bd7 15.g4 Re8
16.O-O-O b5 17.gxf5 bxc4 18.Nxe4 Bxf5 19.Rhg1+ Kf8 20.f3 Rb8 21.Qc3 Qb6 22.Nf6 Nd3+
23.Bxd3 Rxe3 24.Rg8+ Ke7 25.Rxb8 Qxb8 26.N6h5 Bxd3 27.Qf6+ Kd7 28.Qxh6 c3
29.Nxd3 Rxd3 30.b3 Rxd1+ 31.Kxd1 Qb4 32.Qf4 c2+ 33.Kxc2 Qe1 34.Qxf7+ Kc8
35.Qe6+ Qxe6 36.dxe6 Kd8 37.Nf6 Ke7 38.Kd3 d5 39.Nxd5+ Kxe6 40.Ke4 Kd6 41.f4 Ke6
42.f5+  1-0

[Event "ESP-ch"]
[Site "Palencia"]
[Date "1999.08.19"]
[Round "1"]
[White "Diaz Flores Garcia, Pablo"]
[Black "Bernal Moro, Luis Javier"]
[Result "1/2-1/2"]
[WhiteElo "2049"]
[BlackElo "2396"]

1.d4 Nf6 2.Bg5 c5 3.c3 Ne4 4.Bh4 Qb6 5.Qc2 d5 6.f3 Qh6 7.fxe4 Qxh4+ 8.g3 Qxe4
9.Qxe4 dxe4 10.dxc5 Nd7 11.b4 g6 12.Nd2 Bg7 13.Rc1 f5 14.Nh3 a5 15.Rc2 Nf6
16.Nc4 Nd5 17.Nb6 Nxb6 18.cxb6 Be6 19.Nf4 Bf7 20.b5 Rc8 21.c4 Rxc4 22.Rxc4 Bxc4
23.a4 O-O 24.e3 Bb3 25.g4 Bc3+ 26.Kf2 g5 27.Ne2 fxg4+ 28.Kg3 Be1+ 29.Kxg4 h6
30.Ng3 Be6+ 31.Kh5 Bxg3 32.hxg3 Kg7 33.Bg2 Bf7+ 34.Kg4 Be6+ 35.Kh5 Rf2 36.Bxe4 Bf7+
37.Kg4 Be6+ 38.Kh5 Bf7+ 39.Kg4 Be6+ 40.Kh5 Bf7+  1/2-1/2

[Event "ESP-ch"]
[Site "Palencia"]
[Date "1999.08.21"]
[Round "3"]
[White "Ibanez Terradellas, Eduardo"]
[Black "Bernal Moro, Luis Javier"]
[Result "1/2-1/2"]
[WhiteElo "2229"]
[BlackElo "2396"]

1.d4 Nf6 2.Bg5 c5 3.Nc3 Qa5 4.Bxf6 gxf6 5.e3 f5 6.Ne2 Bg7 7.g3 d6 8.Bg2 Nd7
9.O-O Nf6 10.Nf4 O-O 11.Ncd5 Nxd5 12.Nxd5 e6  1/2-1/2

[Event "Pyramiden Franken Cup"]
[Site "Fuerth"]
[Date "1999.08.22"]
[Round "2"]
[White "Gustafsson, Jan"]
[Black "Gebhard, Thomas"]
[Result "1-0"]
[WhiteElo "2436"]
[BlackElo "2150"]

1.d4 Nf6 2.Bg5 d5 3.Bxf6 exf6 4.e3 c6 5.Nd2 Bd6 6.g3 f5 7.Bg2 Be6 8.Ne2 Nd7
9.O-O O-O 10.b3 Nf6 11.c4 Ne4 12.cxd5 Bxd5 13.Nc4 Bc7 14.Qc2 Qe7 15.Rae1 g6
16.f3 Nd6 17.Nf4 Be6 18.Ne5 Rad8 19.Ned3 Nc8 20.Nxe6 fxe6 21.Nc5 Bb6 22.b4 Rfe8
23.f4 Qf7 24.Rb1 Nd6 25.Rfc1 Re7 26.a4 Qf6 27.Qb3 Kf7 28.a5 Bxc5 29.bxc5 Ne4
30.Qd3 a6 31.Bxe4 fxe4 32.Qxe4 Qf5 33.Qc2 Rdd7 34.Rb4 Ke8 35.e4 Qf6 36.Qf2 Rf7
37.Qe3 h6 38.Rd1 Kd8 39.Qb3 Kc8 40.Qc4 Kd8 41.Rb2 h5 42.h4 Ke8 43.Rbd2 Kf8
44.d5 exd5 45.exd5 cxd5 46.Rxd5 Rxd5 47.Qxd5 Qc3 48.Qd8+ Kg7 49.Qd4+ Qxd4+
50.Rxd4 Rc7 51.Rd5 Kf7 52.Kf2 Re7 53.Kf3 Kf6 54.Rd6+ Kf5 55.c6 bxc6 56.Rxc6 Ra7
57.Rc5+ Kf6 58.f5 g5 59.Rc6+ Kxf5 60.Rc5+ Kg6 61.Rxg5+ Kh6 62.Ke4 Rb7 63.Kd5 Rb5+
64.Kc6 Rxg5 65.hxg5+ Kxg5 66.Kb6 Kg4 67.Kxa6 Kxg3 68.Kb6 h4 69.a6 h3 70.a7 Kg2
71.a8=Q+ Kg1 72.Qg8+ Kh1 73.Qf7 Kg2 74.Qg6+ Kh1 75.Qf5 Kg2 76.Qg4+ Kh2 77.Ka7  1-0

[Event "FRA-ch qual"]
[Site "Bescanon"]
[Date "1999.08.23"]
[Round "6"]
[White "Leroy, Didier"]
[Black "Amigues, Emmanuel"]
[Result "1-0"]
[WhiteElo "2325"]
[BlackElo "2177"]

1.d4 Nf6 2.Bg5 c5 3.d5 Qb6 4.Bxf6 gxf6 5.Qc1 f5 6.c3 Na6 7.Na3 Qd6 8.Qd2 Nc7
9.Rd1 b5 10.g3 Bb7 11.Bg2 a6 12.Nh3 Bh6 13.e3 e6 14.c4 Bg7 15.O-O b4 16.Nb1 e5
17.Qc2 Qg6 18.Nd2 O-O-O 19.a3 h5 20.e4 f4 21.gxf4 exf4 22.Kh1 a5 23.axb4 axb4
24.Nb3 d6 25.Nxf4 Qf6 26.Nd3 Rdg8 27.Na5 Qh4 28.f4 Rh6 29.Nxb7 Kxb7 30.e5 Kb6
31.Qa4 dxe5 32.d6 Rxd6 33.Ra1  1-0

[Event "ESP-ch"]
[Site "Palencia"]
[Date "1999.08.23"]
[Round "5"]
[White "Comas Fabrego, Luis"]
[Black "De la Villa Garcia, Jesus Maria"]
[Result "1/2-1/2"]
[WhiteElo "2510"]
[BlackElo "2473"]

1.d4 Nf6 2.Bg5 d5 3.Nc3 c6 4.Qd3 Nbd7 5.Nf3 e6 6.e4 dxe4 7.Nxe4 Be7 8.Nxf6+ Bxf6
9.Bxf6 Nxf6 10.g3 O-O 11.Bg2 c5 12.O-O cxd4 13.Rfd1 Qc7 14.Qxd4  1/2-1/2

[Event "ESP-ch"]
[Site "Palencia"]
[Date "1999.08.24"]
[Round "6"]
[White "Fernandez Lopez, Francisco"]
[Black "Cid Royo, Jonathan"]
[Result "0-1"]
[WhiteElo "2171"]
[BlackElo "2251"]

1.d4 d5 2.Bg5 Nf6 3.Bxf6 gxf6 4.e3 e5 5.Nc3 c6 6.Qh5 Qc7 7.Nf3 e4 8.Nd2 Be6
9.Ne2 Bd6 10.c4 Bb4 11.O-O-O Qd7 12.Qh4 Be7 13.Nf4 f5 14.Qh5 O-O 15.g4 Kh8
16.g5 Rg8 17.Rg1 Bd6 18.Rg3 Bxf4 19.Rh3 Rg7 20.exf4 Qc7 21.Qh4 Nd7 22.Be2 Nf8
23.Bh5 dxc4 24.Nf1 Ng6 25.Bxg6 fxg6 26.Ne3 Rd8 27.f3 exf3 28.Rxf3 Rgd7 29.Qf2 b5
30.Nc2 Bd5 31.Re3 Be4 32.h4 c5 33.Ree1 cxd4 34.Rxd4 Rxd4 35.Nxd4 Qc5 36.Rd1 Bd3
37.Re1 Qxd4 38.Re8+ Kg7 39.Re7+ Kf8 40.Qe1 Be4 41.Rxh7 Kg8 42.Rh6 Qd3 43.Rxg6+ Kf7
44.Rf6+ Ke8 45.Re6+ Kd7 46.Re5  0-1

[Event "Glifada op 1st"]
[Site "Athens"]
[Date "1999.09.08"]
[Round "9"]
[White "Logothetis, Sotirios"]
[Black "Panagopoulos, Nikolaos"]
[Result "1-0"]
[WhiteElo "2158"]
[BlackElo "2332"]

1.d4 Nf6 2.Bg5 d5 3.Bxf6 gxf6 4.Nc3 c6 5.e3 Qb6 6.Rb1 e5 7.Nge2 Be6 8.g3 Nd7
9.Bg2 O-O-O 10.O-O h5 11.h4 Qc7 12.Nc1 Bd6 13.N3e2 Rdg8 14.Nd3 Rg4 15.b4 Rhg8
16.Nc5 exd4 17.exd4 f5 18.Nxd7 Bxd7 19.f4 Be7 20.Rf2 Qd6 21.Rb3 Qg6 22.Qf1 Bf6
23.Rd3 c5 24.Rc3 c4 25.Kh2 Qg7 26.Bxd5 Kb8 27.Rg2 b5 28.Qf2 Qf8 29.a3 R4g7
30.Re3 Qd6 31.Bf3 Kc7 32.c3 Qa6 33.Ng1 Qxa3 34.Qe1 Qa6 35.Ree2 Qd6 36.Nh3 Rh7
37.Qa1 a6 38.Qc1 Bc6 39.Bxc6 Kxc6 40.Ng5 Bxg5 41.fxg5 f6 42.Qe1 Kd7 43.Qf1 f4
44.Qxf4 fxg5 45.Qf5+  1-0

[Event "CRO-chT"]
[Site "Pula"]
[Date "1999.09.10"]
[Round "2"]
[White "Dusper, Hrvoje"]
[Black "Majeric, Zoran"]
[Result "1/2-1/2"]
[WhiteElo "2232"]
[BlackElo "2333"]

1.d4 Nf6 2.Bg5 c5 3.Nc3 cxd4 4.Qxd4 Nc6 5.Qh4 e6 6.O-O-O Be7 7.e4 O-O 8.f4 h6
9.Bxf6 Bxf6 10.Qe1 d5 11.Nf3 Qa5 12.exd5 Bxc3 13.Qxc3 Nb4 14.Bc4 exd5 15.Rxd5 Nxa2+
16.Bxa2 Qxa2 17.Ra5 Qe6 18.f5 Qe4 19.Re1 Qf4+ 20.Qe3 Qxe3+ 21.Rxe3 b6 22.Rd5 Bb7
23.Rd7 Bc8 24.Rd5 Bb7  1/2-1/2

[Event "Paks 09 IM"]
[Site "Paks"]
[Date "1999.09.24"]
[Round "4"]
[White "Reiss, Tibor"]
[Black "Brigljevic, Milan"]
[Result "1-0"]
[WhiteElo "2180"]
[BlackElo "2313"]

1.d4 Nf6 2.Bg5 c5 3.Bxf6 gxf6 4.d5 Qb6 5.Qc1 f5 6.c4 Bg7 7.Nc3 d6 8.e3 e5
9.Bd3 e4 10.Be2 Nd7 11.h4 Ne5 12.Qc2 O-O 13.Nh3 Bd7 14.Nf4 Ng6 15.g3 Nxf4
16.gxf4 Qa5 17.Kf1 a6 18.f3 exf3 19.Bd3 Rae8 20.Kf2 b5 21.Rac1 Kh8 22.Bxf5 b4
23.Bxd7 bxc3 24.Bxe8 cxb2 25.Rb1 Rxe8 26.Rxb2 Bxb2 27.Qxb2+ Kg8 28.Kxf3 Qa4
29.Qb3 Qd7 30.Qd3 h5 31.Rg1+ Kf8 32.Rg3 Qa4 33.Rg2 Qd7 34.f5 Qe7 35.Rg5 Qe5
36.Rxh5 Qh2 37.Rh8+ Kg7 38.Rxe8 Qh1+ 39.Ke2 Qg2+ 40.Ke1 Qg1+ 41.Qf1  1-0